| 000 | 00736 a2200253 4500 | ||
|---|---|---|---|
| 999 |
_c200129118 _d31930 |
||
| 001 | 200129118 | ||
| 003 | TR-AnTOB | ||
| 005 | 20230829163304.0 | ||
| 008 | 130430s2012 tu 000 0 | ||
| 020 | _a9789754645897 | ||
| 040 |
_aTR-AnTOB _cTR-AnTOB |
||
| 041 | _atur | ||
| 050 |
_aJQ1805 _bF35 2011 |
||
| 090 | _aJQ1805 F35 2011 | ||
| 100 |
_aFendoğlu, H. Tahsin, _d1952- _988504 |
||
| 245 | 1 | 0 |
_aKamu denetçiliği (Ombudsmanlık) / _cHasan Tahsin Fendoğlu. |
| 264 | 1 |
_aAnkara: _bYetkin, _c2011 |
|
| 300 |
_a173 s. ; _c24 cm. |
||
| 504 | _aIncludes bibliographical references (pages 257-264) | ||
| 650 | 0 |
_aKamu hakemi _zTürkiye _971091 |
|
| 650 | 0 | 0 |
_aKamu denetçileri _zTürkiye _9115745 |
| 942 |
_cBK _2lcc |
||